000 00668nam a2200253Ia 4500
003 OSt
005 20221005084029.0
006 a|||||r|||| 00| 0
007 ta
008 221004b |||||||| |||| 00| 0 eng d
020 _a0896032523
024 _a14607
037 _cTextual
040 _aCRL
_cCRL
_beng
041 _2eng
_aeng
082 _aE9G, N4
100 _aAgrawal Sudhir
_9612987
245 0 _aProtocols for oligonucleotide conjugates
260 _aNew Jersey
_bHumana Press USA
_c1994
300 _a377p.
_ccm.
650 _aMOLECULAR BIOLOGY
_9414923
942 _hE9G, N4
_cTEXL
_2cc
999 _c991924
_d991924